000 00252nam a2200097Ia 4500
008 190216s9999||||xx |||||||||||||| ||und||
100 _aPhilip E Hart Man & Sigmund R Suskind
245 0 _aJeen Pravarthanam
260 _bM M Publication
942 _cBK
999 _c37612
_d37612